Protección del microcomputador KIM-1 y experimento con circuito integrado ACIA

Kaydedildi:
Detaylı Bibliyografya
Yazar: Hutt P, Ricardo
Materyal Türü: Bilinmiyor
Baskı/Yayın Bilgisi: [San José, Costa Rica] 1981
Etiketler: Etiketle
Etiket eklenmemiş, İlk siz ekleyin!

MARC

LEADER 00000 a2200000 4500
003 001650
005 20221231143745.0
008 140114s1981 cr a m 000 ||s d
040 |c cru CEDI 
090 |a TFG 1089 
100 |a Hutt P, Ricardo  |9 15743 
245 |a Protección del microcomputador KIM-1 y experimento con circuito integrado ACIA 
260 |c 1981  |a [San José, Costa Rica] 
300 |a 52 [15] hojas ; ilustraciones 
500 |a A la Cabeza de la portada. Universidad de Costa Rica. Facultad de Ingeniería. Escuela de Ingeniería Eléctrica. Proyecto Eléctrico 1 IE-502 
942 |c TFG 
999 |c 11345  |d 11345